[Event "U12-U20 French Championships"]
[Site "chess24.com"]
[Date "2019.04.16"]
[Round "4"]
[White "Mekhane, Adam"]
[Black "Leccia, Thomas"]
[Result "1-0"]
[Board "37"]
[WhiteElo "1995"]
[WhiteCountry "FRA"]
[WhiteFideId "36050601"]
[WhiteEloChange "2"]
[BlackElo "1644"]
[BlackCountry "FRA"]
[BlackFideId "36087270"]
[BlackEloChange "-2"]

1. e4 {[%clk 1:30:48]} e6 {[%clk 1:30:52]} 2. d4 {[%clk 1:31:11]} d5 {[%clk
0:00:15]} 3. Nd2 {[%clk 0:00:04]} dxe4 {[%clk 1:30:30]} 4. Nxe4 {[%clk 1:31:56]}
Nd7 {[%clk 1:31:47]} 5. Nf3 {[%clk 1:32:19]} Ngf6 {[%clk 1:32:04]} 6. Bd3 {[%clk
1:32:45]} Nxe4 {[%clk 1:32:17]} 7. Bxe4 {[%clk 1:33:13]} Nf6 {[%clk 1:32:33]} 8.
Bg5 {[%clk 1:33:35]} Be7 {[%clk 1:28:28]} 9. Bxf6 {[%clk 1:33:50]} Bxf6 {[%clk
1:28:42]} 10. Qd3 {[%clk 1:34:13]} g6 {[%clk 1:28:03]} 11. O-O-O {[%clk 1:29:41]}
c6 {[%clk 1:21:02]} 12. Ne5 {[%clk 1:18:07]} Bd7 {[%clk 1:18:49]} 13. f4 {[%clk
1:16:55]} Qc7 {[%clk 1:08:39]} 14. Rhf1 {[%clk 1:11:39]} Rf8 {[%clk 1:07:31]} 15.
g4 {[%clk 1:07:02]} O-O-O {[%clk 1:07:01]} 16. g5 {[%clk 0:59:14]} Bg7 {[%clk
1:05:59]} 17. Qh3 {[%clk 0:57:19]} c5 {[%clk 0:56:25]} 18. Qxh7 {[%clk 0:45:31]}
Bh8 {[%clk 0:56:13]} 19. Qh3 {[%clk 0:38:58]} cxd4 {[%clk 0:54:15]} 20. Rxd4
{[%clk 0:35:55]} Bxe5 {[%clk 0:54:27]} 21. fxe5 {[%clk 0:36:20]} Qxe5 {[%clk
0:54:22]} 22. Qc3+ {[%clk 0:29:42]} Kb8 {[%clk 0:52:50]} 23. Rxd7 {[%clk
0:29:49]} Qxg5+ {[%clk 0:52:12]} 24. Qd2 {[%clk 0:29:41]} Qxd2+ {[%clk 0:50:41]}
25. Rxd2 {[%clk 0:29:50]} Rxd2 {[%clk 0:50:40]} 26. Kxd2 {[%clk 0:30:18]} f5
{[%clk 0:50:54]} 27. Ke3 {[%clk 0:28:57]} Rh8 {[%clk 0:47:31]} 28. Bd3 {[%clk
0:28:40]} e5 {[%clk 0:46:46]} 29. Rf2 {[%clk 0:27:06]} Rh3+ {[%clk 0:45:37]} 30.
Ke2 {[%clk 0:26:20]} Kc7 {[%clk 0:43:03]} 31. Bc4 {[%clk 0:22:38]} f4 {[%clk
0:42:56]} 32. Bd5 {[%clk 0:19:29]} g5 {[%clk 0:31:56]} 33. Be6 {[%clk 0:13:12]}
Rh6 {[%clk 0:32:07]} 34. Bg4 {[%clk 0:10:37]} e4 {[%clk 0:26:28]} 35. Bf5 {[%clk
0:10:04]} e3 {[%clk 0:26:25]} 36. Rg2 {[%clk 0:10:24]} Rd6 {[%clk 0:25:25]} 37.
Kf3 {[%clk 0:08:44]} Rd1 {[%clk 0:24:20]} 38. Bd3 {[%clk 0:07:07]} Rh1 {[%clk
0:20:41]} 39. Rxg5 {[%clk 0:00:27]} Rxh2 {[%clk 0:20:56]} 40. Kxf4 {[%clk
0:07:20]} e2 {[%clk 0:20:56]} 41. Re5 {[%clk 0:07:14]} Rh1 {[%clk 0:19:45]} 42.
Re7+ {[%clk 0:07:04]} Kd6 {[%clk 0:19:14]} 43. Rxe2 {[%clk 0:07:31]} Ra1 {[%clk
0:19:17]} 44. Bc4 {[%clk 0:07:18]} Kc5 {[%clk 0:19:34]} 45. Be6 {[%clk 0:06:59]}
Rb1 {[%clk 0:19:46]} 46. b3 {[%clk 0:07:23]} Ra1 {[%clk 0:19:48]} 47. a4 {[%clk
0:07:45]} Rd1 {[%clk 0:20:02]} 48. Bf5 {[%clk 0:07:28]} Rf1+ {[%clk 0:19:28]} 49.
Ke5 {[%clk 0:07:49]} Rg1 {[%clk 0:19:28]} 50. Bd3 {[%clk 0:08:05]} Rf1 {[%clk
0:19:20]} 51. Ke6 {[%clk 0:08:18]} Rf4 {[%clk 0:19:24]} 52. Kd7 {[%clk 0:08:35]}
Rd4+ {[%clk 0:19:21]} 53. Kc7 {[%clk 0:08:58]} Rd5 {[%clk 0:17:29]} 54. Kxb7
{[%clk 0:08:29]} Rd7+ {[%clk 0:17:48]} 55. Ka6 {[%clk 0:08:26]} 1-0

[Event "U12-U20 French Championships"]
[Site "chess24.com"]
[Date "2019.04.16"]
[Round "4"]
[White "Kuhn, Clement"]
[Black "Lesueur, Gabriel"]
[Result "1/2-1/2"]
[Board "38"]
[WhiteTitle "CM"]
[WhiteElo "1936"]
[WhiteCountry "FRA"]
[WhiteFideId "36099775"]
[WhiteEloChange "-8"]
[BlackElo "1589"]
[BlackCountry "FRA"]
[BlackFideId "45186359"]
[BlackEloChange "8"]

1. e4 {[%clk 1:30:57]} e6 {[%clk 1:30:52]} 2. d4 {[%clk 1:31:17]} d5 {[%clk
1:31:16]} 3. Nc3 {[%clk 1:31:39]} Bb4 {[%clk 1:31:40]} 4. Ne2 {[%clk 1:32:00]}
Nf6 {[%clk 1:28:00]} 5. e5 {[%clk 1:31:22]} Nfd7 {[%clk 1:27:44]} 6. a3 {[%clk
1:30:38]} Bxc3+ {[%clk 1:18:12]} 7. bxc3 {[%clk 1:24:56]} c5 {[%clk 1:18:14]} 8.
Qd3 {[%clk 1:17:06]} O-O {[%clk 1:10:24]} 9. Bd2 {[%clk 1:08:07]} f6 {[%clk
1:08:44]} 10. exf6 {[%clk 1:03:37]} gxf6 {[%clk 1:07:43]} 11. g3 {[%clk 1:01:44]}
e5 {[%clk 1:01:59]} 12. Bg2 {[%clk 0:59:56]} e4 {[%clk 0:59:29]} 13. Qe3 {[%clk
1:00:10]} Nb6 {[%clk 0:59:49]} 14. Nf4 {[%clk 0:55:31]} Nc4 {[%clk 0:54:33]} 15.
Qe2 {[%clk 0:55:35]} Nc6 {[%clk 0:53:26]} 16. Bxe4 {[%clk 0:35:28]} Nxd2 {[%clk
0:44:01]} 17. Bxd5+ {[%clk 0:35:16]} Kh8 {[%clk 0:44:17]} 18. Qxd2 {[%clk
0:35:00]} Re8+ {[%clk 0:44:13]} 19. Kf1 {[%clk 0:34:49]} Bh3+ {[%clk 0:43:51]}
20. Kg1 {[%clk 0:30:54]} Bg4 {[%clk 0:36:15]} 21. h3 {[%clk 0:29:42]} Bf5 {[%clk
0:36:07]} 22. Kg2 {[%clk 0:28:28]} Qa5 {[%clk 0:27:09]} 23. Rhd1 {[%clk 0:24:38]}
Rad8 {[%clk 0:26:10]} 24. g4 {[%clk 0:20:18]} Rxd5 {[%clk 0:22:39]} 25. gxf5
{[%clk 0:16:15]} Rxf5 {[%clk 0:22:50]} 26. d5 {[%clk 0:13:07]} Rg8+ {[%clk
0:20:12]} 27. Kh1 {[%clk 0:12:58]} Qa4 {[%clk 0:16:46]} 28. dxc6 {[%clk 0:06:27]}
Rxf4 {[%clk 0:16:54]} 29. Rg1 {[%clk 0:06:09]} Qe4+ {[%clk 0:17:10]} 30. Kh2
{[%clk 0:06:17]} Rf8 {[%clk 0:08:26]} 31. Rg2 {[%clk 0:04:41]} Qe5 {[%clk
0:06:21]} 32. Kh1 {[%clk 0:03:10]} bxc6 {[%clk 0:04:32]} 33. Rag1 {[%clk
0:03:03]} Rh4 {[%clk 0:04:01]} 34. Rg3 {[%clk 0:03:09]} Qd5+ {[%clk 0:03:58]} 35.
Qxd5 {[%clk 0:03:05]} cxd5 {[%clk 0:04:23]} 1/2-1/2

[Event "U12-U20 French Championships"]
[Site "chess24.com"]
[Date "2019.04.16"]
[Round "4"]
[White "Gaillard, Marie"]
[Black "Schebacher, Solene"]
[Result "0-1"]
[Board "41"]
[WhiteElo "1418"]
[WhiteCountry "FRA"]
[WhiteFideId "36088218"]
[WhiteEloChange "-6"]
[BlackElo "1555"]
[BlackCountry "FRA"]
[BlackFideId "36090670"]
[BlackEloChange "6"]

1. d4 {[%clk 1:30:57]} Nf6 {[%clk 1:30:41]} 2. c4 {[%clk 1:31:07]} e6 {[%clk
1:30:13]} 3. a3 {[%clk 1:29:18]} Be7 {[%clk 1:23:41]} 4. Nc3 {[%clk 1:26:06]} d5
{[%clk 1:20:20]} 5. c5 {[%clk 1:22:36]} a5 {[%clk 1:11:33]} 6. Nf3 {[%clk
1:14:16]} Bd7 {[%clk 1:05:56]} 7. e3 {[%clk 1:09:11]} O-O {[%clk 1:02:37]} 8. Bd3
{[%clk 1:04:49]} Bc6 {[%clk 0:58:13]} 9. Ne5 {[%clk 1:00:41]} h6 {[%clk 0:54:42]}
10. O-O {[%clk 0:56:46]} Nfd7 {[%clk 0:52:04]} 11. f4 {[%clk 0:52:07]} Nxe5
{[%clk 0:48:13]} 12. fxe5 {[%clk 0:52:14]} f6 {[%clk 0:45:55]} 13. Qh5 {[%clk
0:40:36]} f5 {[%clk 0:43:49]} 14. Qg6 {[%clk 0:37:24]} Bd7 {[%clk 0:37:52]} 15.
Nb5 {[%clk 0:32:35]} Bg5 {[%clk 0:23:25]} 16. Rf3 {[%clk 0:19:35]} Qc8 {[%clk
0:19:46]} 17. Qh5 {[%clk 0:17:31]} Bxb5 {[%clk 0:17:54]} 18. Bxb5 {[%clk
0:17:40]} Qd8 {[%clk 0:17:39]} 19. Qg6 {[%clk 0:17:16]} Qe7 {[%clk 0:16:00]} 20.
Bd2 {[%clk 0:15:36]} Qf7 {[%clk 0:14:19]} 21. Qxf7+ {[%clk 0:14:41]} Rxf7 {[%clk
0:14:01]} 22. Raf1 {[%clk 0:01:48]} Nc6 {[%clk 0:11:41]} 23. g4 {[%clk 0:11:18]}
Nxd4 {[%clk 0:10:23]} 24. exd4 {[%clk 0:10:34]} Bxd2 {[%clk 0:10:44]} 25. gxf5
{[%clk 0:10:17]} Raf8 {[%clk 0:09:53]} 26. Bd3 {[%clk 0:07:43]} Kh8 {[%clk
0:05:09]} 27. Kg2 {[%clk 0:07:22]} exf5 {[%clk 0:04:10]} 28. Rxf5 {[%clk
0:07:09]} Kg8 {[%clk 0:03:25]} 29. Rxf7 {[%clk 0:06:19]} Rxf7 {[%clk 0:03:44]}
30. Rxf7 {[%clk 0:05:19]} Kxf7 {[%clk 0:04:06]} 31. Kf3 {[%clk 0:05:35]} a4
{[%clk 0:03:30]} 32. Bb5 {[%clk 0:05:26]} Bc1 {[%clk 0:03:51]} 33. Bxa4 {[%clk
0:05:27]} Bxb2 {[%clk 0:04:05]} 34. Ke3 {[%clk 0:04:34]} Bxa3 {[%clk 0:04:16]}
35. Bb3 {[%clk 0:04:48]} Ke6 {[%clk 0:04:15]} 36. Bc2 {[%clk 0:04:31]} Kf7 {[%clk
0:01:52]} 37. Bf5 {[%clk 0:04:35]} b6 {[%clk 0:01:45]} 38. Kd3 {[%clk 0:03:09]}
bxc5 {[%clk 0:01:34]} 39. dxc5 {[%clk 0:03:26]} Bxc5 {[%clk 0:01:39]} 40. e6+
{[%clk 0:03:23]} Kf6 {[%clk 0:01:11]} 41. Bg4 {[%clk 0:03:35]} g6 {[%clk
0:01:22]} 42. h4 {[%clk 0:03:25]} h5 {[%clk 0:01:15]} 43. Bh3 {[%clk 0:03:40]}
Ke5 {[%clk 0:01:20]} 44. Kc3 {[%clk 0:03:14]} Be7 {[%clk 0:01:16]} 45. Kd3 {[%clk
0:03:28]} Bxh4 {[%clk 0:01:36]} 46. Ke3 {[%clk 0:03:34]} Be7 {[%clk 0:01:53]} 47.
Kd3 {[%clk 0:03:51]} g5 {[%clk 0:01:57]} 48. Bg2 {[%clk 0:04:09]} Kxe6 {[%clk
0:02:15]} 49. Kd4 {[%clk 0:04:31]} c5+ {[%clk 0:02:37]} 50. Kd3 {[%clk 0:04:48]}
Kd6 {[%clk 0:02:27]} 51. Bf3 {[%clk 0:05:04]} g4 {[%clk 0:02:44]} 52. Bg2 {[%clk
0:05:18]} c4+ {[%clk 0:03:00]} 53. Kd4 {[%clk 0:05:32]} Bf6+ {[%clk 0:03:14]} 54.
Ke3 {[%clk 0:05:47]} d4+ {[%clk 0:03:37]} 55. Kf2 {[%clk 0:06:01]} Ke5 {[%clk
0:03:47]} 56. Be4 {[%clk 0:06:15]} Kxe4 {[%clk 0:04:05]} 57. Kg1 {[%clk 0:06:38]}
c3 {[%clk 0:04:27]} 58. Kh2 {[%clk 0:06:57]} c2 {[%clk 0:04:48]} 59. Kg2 {[%clk
0:07:22]} c1Q {[%clk 0:04:46]} 60. Kf2 {[%clk 0:07:41]} Qe3+ {[%clk 0:04:56]} 61.
Kg2 {[%clk 0:08:00]} Be5 {[%clk 0:05:03]} 62. Kf1 {[%clk 0:08:13]} Qd2 {[%clk
0:05:23]} 63. Kg1 {[%clk 0:08:34]} Kf3 {[%clk 0:05:45]} 64. Kh1 {[%clk 0:08:58]}
Qg2# {[%clk 0:06:07]} 0-1

[Event "U12-U20 French Championships"]
[Site "chess24.com"]
[Date "2019.04.17"]
[Round "5"]
[White "De Lussac, Rainier"]
[Black "Philippe, Guillaume"]
[Result "1-0"]
[Board "2"]
[WhiteElo "2152"]
[WhiteCountry "FRA"]
[WhiteFideId "20685254"]
[WhiteEloChange "15"]
[BlackTitle "FM"]
[BlackElo "2352"]
[BlackCountry "FRA"]
[BlackFideId "36048763"]
[BlackEloChange "-15"]

1. d4 {[%clk 1:30:54]} Nf6 {[%clk 1:30:34]} 2. Nf3 {[%clk 1:30:40]} e6 {[%clk
1:30:43]} 3. c4 {[%clk 1:30:59]} c5 {[%clk 1:30:50]} 4. d5 {[%clk 1:31:23]} exd5
{[%clk 1:31:09]} 5. cxd5 {[%clk 1:31:49]} d6 {[%clk 1:31:28]} 6. Nc3 {[%clk
1:31:22]} g6 {[%clk 1:31:43]} 7. Nd2 {[%clk 1:31:33]} Bg7 {[%clk 1:31:27]} 8. e4
{[%clk 1:31:59]} O-O {[%clk 1:31:37]} 9. Be2 {[%clk 1:32:24]} Re8 {[%clk
1:29:25]} 10. O-O {[%clk 1:32:17]} Nbd7 {[%clk 1:28:07]} 11. a4 {[%clk 1:32:29]}
a6 {[%clk 1:27:28]} 12. f4 {[%clk 1:31:55]} Qc7 {[%clk 1:18:10]} 13. Kh1 {[%clk
1:29:45]} b6 {[%clk 1:06:17]} 14. Bf3 {[%clk 1:14:58]} Rb8 {[%clk 1:06:29]} 15.
Be2 {[%clk 1:05:34]} c4 {[%clk 0:47:42]} 16. e5 {[%clk 1:00:22]} dxe5 {[%clk
0:47:23]} 17. Nxc4 {[%clk 1:00:39]} Nh5 {[%clk 0:28:12]} 18. fxe5 {[%clk
0:29:56]} Nxe5 {[%clk 0:28:06]} 19. Nxe5 {[%clk 0:29:13]} Qxe5 {[%clk 0:27:55]}
20. Bxh5 {[%clk 0:28:01]} Qxh5 {[%clk 0:28:18]} 21. Qxh5 {[%clk 0:28:15]} gxh5
{[%clk 0:28:43]} 22. Bf4 {[%clk 0:27:42]} Rb7 {[%clk 0:27:51]} 23. Rae1 {[%clk
0:25:19]} Rbe7 {[%clk 0:27:43]} 24. Rxe7 {[%clk 0:24:48]} Rxe7 {[%clk 0:28:06]}
25. d6 {[%clk 0:24:27]} Re6 {[%clk 0:24:57]} 26. Nd5 {[%clk 0:22:16]} Bf8 {[%clk
0:24:23]} 27. Rd1 {[%clk 0:06:16]} Kg7 {[%clk 0:20:36]} 28. Nxb6 {[%clk 0:06:25]}
Bb7 {[%clk 0:20:56]} 29. Kg1 {[%clk 0:06:05]} Re2 {[%clk 0:19:58]} 30. Kf1 {[%clk
0:04:56]} Rc2 {[%clk 0:18:36]} 31. Be5+ {[%clk 0:00:52]} Kg6 {[%clk 0:17:23]} 32.
d7 {[%clk 0:00:44]} Bxg2+ {[%clk 0:17:21]} 33. Ke1 {[%clk 0:00:36]} Be7 {[%clk
0:15:18]} 34. d8Q {[%clk 0:00:48]} Bxd8 {[%clk 0:15:43]} 35. Rxd8 {[%clk
0:01:14]} Be4 {[%clk 0:16:05]} 36. Rd2 {[%clk 0:01:18]} Rc1+ {[%clk 0:15:48]} 37.
Kf2 {[%clk 0:01:45]} Kf5 {[%clk 0:16:05]} 38. Bd6 {[%clk 0:01:44]} Kg4 {[%clk
0:15:41]} 39. Nd7 {[%clk 0:01:47]} Kh3 {[%clk 0:13:57]} 40. b4 {[%clk 0:01:23]}
Rb1 {[%clk 0:13:01]} 41. Rd4 {[%clk 0:00:55]} Bf5 {[%clk 0:12:56]} 42. Nc5 {[%clk
0:00:54]} Rb2+ {[%clk 0:12:52]} 43. Ke3 {[%clk 0:00:52]} Bc8 {[%clk 0:13:08]} 44.
Nd3 {[%clk 0:00:48]} Rb3 {[%clk 0:13:38]} 45. Kd2 {[%clk 0:00:24]} Ra3 {[%clk
0:13:17]} 46. b5 {[%clk 0:00:50]} axb5 {[%clk 0:13:01]} 47. Bxa3 {[%clk 0:00:13]}
1-0

[Event "U12-U20 French Championships"]
[Site "chess24.com"]
[Date "2019.04.17"]
[Round "5"]
[White "Laurent-Paoli, Pierre"]
[Black "Legrand, Vincent"]
[Result "1-0"]
[Board "3"]
[WhiteTitle "FM"]
[WhiteElo "2352"]
[WhiteCountry "FRA"]
[WhiteFideId "26017962"]
[WhiteEloChange "3"]
[BlackElo "2053"]
[BlackCountry "FRA"]
[BlackFideId "26025833"]
[BlackEloChange "-3"]

1. d4 {[%clk 1:30:57]} Nf6 {[%clk 1:30:48]} 2. c4 {[%clk 1:31:23]} c5 {[%clk
1:31:06]} 3. d5 {[%clk 1:31:49]} b5 {[%clk 1:31:03]} 4. cxb5 {[%clk 1:32:15]} a6
{[%clk 1:31:02]} 5. bxa6 {[%clk 1:32:42]} g6 {[%clk 1:30:49]} 6. Nc3 {[%clk
1:33:10]} Bg7 {[%clk 1:31:11]} 7. a7 {[%clk 1:33:32]} Rxa7 {[%clk 1:31:01]} 8. e4
{[%clk 1:33:58]} O-O {[%clk 1:31:07]} 9. Nf3 {[%clk 1:34:20]} d6 {[%clk 1:24:40]}
10. Be2 {[%clk 1:34:41]} Ba6 {[%clk 1:24:32]} 11. O-O {[%clk 1:34:33]} Qa5 {[%clk
1:22:01]} 12. Bd2 {[%clk 1:07:28]} Bxe2 {[%clk 1:20:33]} 13. Qxe2 {[%clk
1:04:50]} Rb7 {[%clk 1:20:31]} 14. a4 {[%clk 0:56:50]} Nbd7 {[%clk 0:59:41]} 15.
Nb5 {[%clk 0:52:28]} Qa6 {[%clk 0:59:49]} 16. Bc3 {[%clk 0:52:16]} e6 {[%clk
0:52:23]} 17. dxe6 {[%clk 0:49:48]} fxe6 {[%clk 0:52:46]} 18. e5 {[%clk 0:49:17]}
dxe5 {[%clk 0:50:46]} 19. Nxe5 {[%clk 0:48:44]} Nd5 {[%clk 0:49:08]} 20. Nxd7
{[%clk 0:48:56]} Nxc3 {[%clk 0:49:23]} 21. bxc3 {[%clk 0:47:35]} Rxd7 {[%clk
0:49:47]} 22. Rfe1 {[%clk 0:45:47]} Rf6 {[%clk 0:35:49]} 23. Qc4 {[%clk 0:37:31]}
Qc6 {[%clk 0:29:33]} 24. Rad1 {[%clk 0:36:44]} Rdf7 {[%clk 0:22:29]} 25. Rd6
{[%clk 0:31:40]} Qb7 {[%clk 0:22:10]} 26. f3 {[%clk 0:31:16]} Rf4 {[%clk
0:20:38]} 27. Qxe6 {[%clk 0:29:18]} Bf8 {[%clk 0:19:07]} 28. Rd8 {[%clk 0:28:18]}
Kg7 {[%clk 0:19:09]} 29. Qe5+ {[%clk 0:26:53]} R4f6 {[%clk 0:18:45]} 30. Qd5
{[%clk 0:23:24]} Qa6 {[%clk 0:12:12]} 31. Qc4 {[%clk 0:17:08]} Rf4 {[%clk
0:11:21]} 32. Re4 {[%clk 0:17:12]} R4f5 {[%clk 0:09:52]} 33. Rd5 {[%clk 0:16:41]}
R5f6 {[%clk 0:08:56]} 34. f4 {[%clk 0:13:56]} Qc8 {[%clk 0:08:10]} 35. g3 {[%clk
0:13:53]} h5 {[%clk 0:06:34]} 36. Qe2 {[%clk 0:12:59]} Qh3 {[%clk 0:05:07]} 37.
Na3 {[%clk 0:11:52]} h4 {[%clk 0:04:52]} 38. Qg2 {[%clk 0:11:30]} Qg4 {[%clk
0:04:49]} 39. Nc4 {[%clk 0:09:53]} Rb7 {[%clk 0:03:44]} 40. Re1 {[%clk 0:08:53]}
Re6 {[%clk 0:02:55]} 41. Rde5 {[%clk 0:08:21]} Rxe5 {[%clk 0:02:50]} 42. Qxb7+
{[%clk 0:08:19]} 1-0

[Event "U12-U20 French Championships"]
[Site "chess24.com"]
[Date "2019.04.17"]
[Round "5"]
[White "Pigeat, Typhaine"]
[Black "Milroy, Melena"]
[Result "1-0"]
[Board "7"]
[WhiteElo "1742"]
[WhiteCountry "FRA"]
[WhiteFideId "20695446"]
[WhiteEloChange "9"]
[BlackElo "1720"]
[BlackCountry "FRA"]
[BlackFideId "26056607"]
[BlackEloChange "-9"]

1. e4 {[%clk 1:30:58]} d5 {[%clk 1:30:59]} 2. exd5 {[%clk 1:31:20]} Nf6 {[%clk
1:31:25]} 3. d4 {[%clk 1:31:19]} Bg4 {[%clk 1:31:50]} 4. Be2 {[%clk 1:30:18]}
Bxe2 {[%clk 1:32:16]} 5. Nxe2 {[%clk 1:30:12]} Qxd5 {[%clk 1:32:39]} 6. O-O
{[%clk 1:29:02]} Nc6 {[%clk 1:32:38]} 7. Be3 {[%clk 1:28:01]} O-O-O {[%clk
1:32:55]} 8. c3 {[%clk 1:19:02]} h5 {[%clk 1:25:06]} 9. Qb3 {[%clk 1:12:10]} e6
{[%clk 1:12:17]} 10. Qxd5 {[%clk 1:10:39]} Nxd5 {[%clk 1:12:43]} 11. Nd2 {[%clk
1:06:45]} Bd6 {[%clk 1:07:51]} 12. Ne4 {[%clk 1:01:15]} Nce7 {[%clk 1:00:27]} 13.
c4 {[%clk 0:49:57]} Nb4 {[%clk 0:57:54]} 14. c5 {[%clk 0:48:10]} Bxh2+ {[%clk
0:52:02]} 15. Kxh2 {[%clk 0:48:12]} Nf5 {[%clk 0:51:59]} 16. a3 {[%clk 0:24:41]}
Nc6 {[%clk 0:41:42]} 17. Rfd1 {[%clk 0:21:38]} Rd7 {[%clk 0:40:18]} 18. N4g3
{[%clk 0:16:23]} Nfe7 {[%clk 0:32:29]} 19. b4 {[%clk 0:15:54]} Rhd8 {[%clk
0:30:37]} 20. Rdc1 {[%clk 0:14:14]} h4 {[%clk 0:28:12]} 21. Nh5 {[%clk 0:09:38]}
Nf5 {[%clk 0:26:26]} 22. Nhf4 {[%clk 0:05:16]} Ncxd4 {[%clk 0:24:03]} 23. Nxd4
{[%clk 0:04:29]} Nxd4 {[%clk 0:24:23]} 24. Bxd4 {[%clk 0:04:52]} Rxd4 {[%clk
0:24:47]} 25. Nh3 {[%clk 0:05:01]} f6 {[%clk 0:22:37]} 26. f4 {[%clk 0:03:27]} e5
{[%clk 0:19:08]} 27. fxe5 {[%clk 0:03:24]} fxe5 {[%clk 0:19:33]} 28. Re1 {[%clk
0:03:39]} Re8 {[%clk 0:19:44]} 29. Rad1 {[%clk 0:03:04]} Rc4 {[%clk 0:18:42]} 30.
Re3 {[%clk 0:02:50]} a5 {[%clk 0:17:43]} 31. Rde1 {[%clk 0:02:36]} axb4 {[%clk
0:15:08]} 32. axb4 {[%clk 0:02:28]} e4 {[%clk 0:14:01]} 33. Rb1 {[%clk 0:02:26]}
Kd7 {[%clk 0:13:39]} 34. Rb2 {[%clk 0:01:52]} Kc6 {[%clk 0:13:42]} 35. Nf2 {[%clk
0:01:49]} Kb5 {[%clk 0:13:36]} 36. Kh3 {[%clk 0:01:50]} g5 {[%clk 0:12:42]} 37.
Kg4 {[%clk 0:02:01]} Re5 {[%clk 0:12:18]} 38. Nh3 {[%clk 0:01:43]} Rxb4 {[%clk
0:12:30]} 39. Rxb4+ {[%clk 0:01:40]} Kxb4 {[%clk 0:12:56]} 40. Nxg5 {[%clk
0:01:49]} Kxc5 {[%clk 0:13:08]} 41. Rxe4 {[%clk 0:01:29]} Rxe4+ {[%clk 0:11:43]}
42. Nxe4+ {[%clk 0:01:54]} Kd4 {[%clk 0:12:08]} 43. Nd2 {[%clk 0:01:43]} b5
{[%clk 0:11:43]} 44. Kxh4 {[%clk 0:01:53]} c5 {[%clk 0:09:10]} 45. g4 {[%clk
0:01:37]} c4 {[%clk 0:09:25]} 46. g5 {[%clk 0:01:43]} c3 {[%clk 0:09:03]} 47.
Nb3+ {[%clk 0:01:46]} Kc4 {[%clk 0:08:44]} 48. Nc1 {[%clk 0:01:21]} b4 {[%clk
0:05:22]} 49. g6 {[%clk 0:01:39]} b3 {[%clk 0:05:47]} 50. g7 {[%clk 0:01:45]} b2
{[%clk 0:06:10]} 51. g8Q+ {[%clk 0:02:06]} Kd4 {[%clk 0:05:23]} 52. Qg1+ {[%clk
0:01:16]} Kc4 {[%clk 0:05:05]} 53. Qf1+ {[%clk 0:01:15]} Kc5 {[%clk 0:03:06]} 54.
Qf2+ {[%clk 0:01:03]} Kd5 {[%clk 0:02:15]} 55. Qc2 {[%clk 0:01:13]} bxc1Q {[%clk
0:02:35]} 56. Qxc1 {[%clk 0:01:33]} Kc4 {[%clk 0:02:49]} 57. Qc2 {[%clk 0:01:44]}
1-0

[Event "U12-U20 French Championships"]
[Site "chess24.com"]
[Date "2019.04.17"]
[Round "5"]
[White "Gao, Etienne"]
[Black "Djidjeli, Sofiane"]
[Result "1/2-1/2"]
[Board "12"]
[WhiteTitle "FM"]
[WhiteElo "2286"]
[WhiteCountry "FRA"]
[WhiteFideId "20688059"]
[WhiteEloChange "-5"]
[BlackElo "2099"]
[BlackCountry "FRA"]
[BlackFideId "36067520"]
[BlackEloChange "5"]

1. e4 {[%clk 1:30:56]} e5 {[%clk 1:30:42]} 2. Nf3 {[%clk 1:31:20]} Nf6 {[%clk
1:31:04]} 3. Nc3 {[%clk 1:31:16]} Bb4 {[%clk 1:30:51]} 4. Bc4 {[%clk 1:30:48]} d6
{[%clk 1:29:07]} 5. d3 {[%clk 1:27:35]} O-O {[%clk 1:29:10]} 6. Bg5 {[%clk
1:24:57]} Be6 {[%clk 1:19:49]} 7. Bb3 {[%clk 1:23:30]} Bxb3 {[%clk 1:12:44]} 8.
axb3 {[%clk 1:23:48]} h6 {[%clk 1:12:40]} 9. Bh4 {[%clk 1:17:49]} Bxc3+ {[%clk
1:04:08]} 10. bxc3 {[%clk 0:00:07]} Nbd7 {[%clk 1:02:15]} 11. O-O {[%clk
0:00:26]} Nc5 {[%clk 1:02:30]} 12. Re1 Re8 {[%clk 1:03:00]} 13. b4 Ncd7 {[%clk
1:03:30]} 14. Qd2 Nf8 {[%clk 0:56:59]} 15. Ra5 a6 {[%clk 0:48:25]} 16. Rea1 Rb8
{[%clk 0:48:55]} 17. b5 axb5 {[%clk 0:49:25]} 18. Rxb5 b6 {[%clk 0:49:55]} 19.
Rb4 Ng6 {[%clk 0:50:20]} 20. Bg3 Ra8 {[%clk 0:50:44]} 21. Rba4 Rxa4 {[%clk
0:50:54]} 22. Rxa4 Qd7 {[%clk 0:51:19]} 23. Ra1 Qc6 {[%clk 0:51:49]} 24. c4 Ra8
{[%clk 0:52:14]} 25. Qc3 Rxa1+ {[%clk 0:39:14]} 26. Qxa1 b5 {[%clk 0:39:44]} 27.
Nd2 bxc4 {[%clk 0:40:08]} 28. Qc3 Nh5 {[%clk 0:40:33]} 1/2-1/2

[Event "U12-U20 French Championships"]
[Site "chess24.com"]
[Date "2019.04.17"]
[Round "5"]
[White "Fournier, Loic"]
[Black "Mazzella, Enzo"]
[Result "1/2-1/2"]
[Board "13"]
[WhiteElo "2024"]
[WhiteCountry "FRA"]
[WhiteFideId "36013463"]
[WhiteEloChange "6"]
[BlackTitle "FM"]
[BlackElo "2249"]
[BlackCountry "FRA"]
[BlackFideId "36019968"]
[BlackEloChange "-6"]

1. d4 {[%clk 1:30:53]} Nf6 {[%clk 1:30:55]} 2. Nf3 {[%clk 1:31:16]} g6 {[%clk
1:31:20]} 3. Bf4 {[%clk 1:31:39]} Bg7 {[%clk 1:31:41]} 4. e3 {[%clk 1:32:02]} O-O
{[%clk 1:32:04]} 5. Be2 {[%clk 1:31:55]} d6 {[%clk 1:32:13]} 6. O-O {[%clk
1:31:53]} Nfd7 {[%clk 1:32:17]} 7. h3 {[%clk 1:30:46]} Nc6 {[%clk 1:30:13]} 8. c4
{[%clk 1:30:41]} e5 {[%clk 1:30:36]} 9. Bh2 {[%clk 1:31:07]} e4 {[%clk 1:30:58]}
10. Nfd2 {[%clk 1:31:17]} f5 {[%clk 1:31:22]} 11. Nc3 {[%clk 1:31:32]} Nf6 {[%clk
1:31:01]} 12. a3 {[%clk 1:26:32]} g5 {[%clk 1:28:52]} 13. b4 {[%clk 1:24:53]} Ne7
{[%clk 1:27:22]} 14. Rc1 {[%clk 1:21:17]} Ng6 {[%clk 1:27:27]} 15. c5 {[%clk
1:19:38]} d5 {[%clk 1:06:04]} 16. Be5 {[%clk 1:04:44]} Nxe5 {[%clk 0:36:18]} 17.
dxe5 {[%clk 1:05:09]} Nd7 {[%clk 0:36:31]} 18. Nxd5 {[%clk 1:02:20]} Nxe5 {[%clk
0:36:42]} 19. Nc4 {[%clk 0:59:17]} Be6 {[%clk 0:35:47]} 20. Nxe5 {[%clk 0:59:04]}
Bxe5 {[%clk 0:35:46]} 21. Bc4 {[%clk 0:56:53]} Bf7 {[%clk 0:23:49]} 22. Qb3
{[%clk 0:49:28]} c6 {[%clk 0:23:37]} 23. Nc3 {[%clk 0:49:49]} Qf6 {[%clk
0:14:45]} 24. Rfd1 {[%clk 0:46:04]} Rad8 {[%clk 0:14:38]} 25. Ne2 {[%clk
0:43:25]} Bxc4 {[%clk 0:13:29]} 26. Qxc4+ {[%clk 0:43:33]} Qf7 {[%clk 0:13:57]}
27. Qc2 {[%clk 0:39:48]} Qf6 {[%clk 0:11:18]} 28. Rb1 {[%clk 0:29:28]} Kg7 {[%clk
0:09:46]} 29. a4 {[%clk 0:28:21]} h5 {[%clk 0:08:53]} 30. b5 {[%clk 0:25:39]} g4
{[%clk 0:06:34]} 31. bxc6 {[%clk 0:21:26]} bxc6 {[%clk 0:07:03]} 32. hxg4 {[%clk
0:18:36]} hxg4 {[%clk 0:04:24]} 33. Rb7+ {[%clk 0:16:58]} Kg6 {[%clk 0:04:21]}
34. Nf4+ {[%clk 0:14:42]} Bxf4 {[%clk 0:03:20]} 35. exf4 {[%clk 0:15:01]} Rd3
{[%clk 0:01:51]} 36. Rd7 {[%clk 0:09:15]} Rd8 {[%clk 0:01:39]} 37. R1xd3 {[%clk
0:04:26]} exd3 {[%clk 0:02:09]} 38. Qxd3 {[%clk 0:04:34]} Qa1+ {[%clk 0:02:34]}
39. Kh2 {[%clk 0:05:00]} Qh8+ {[%clk 0:02:54]} 40. Kg1 {[%clk 0:05:01]} Qa1+
{[%clk 0:03:24]} 41. Kh2 {[%clk 0:05:23]} Qh8+ {[%clk 0:00:46]} 42. Kg1 {[%clk
0:05:47]} Qa1+ {[%clk 0:00:56]} 43. Kh2 {[%clk 0:06:11]} Qh8+ {[%clk 0:00:49]}
1/2-1/2